000 00646nam a2200193Ii 4500
003 JO-AjNU
008 230605s9999||||xx |||||||||||||| ||und||
040 _aJO-AjNU
_bara
_erda
_cJO-AjNU
041 _aara
050 1 4 _aPB35.K4292
100 3 _aخرما,نايف تأليف/حجاج,علي م.مشارك,
_eauthor
_915648
245 0 0 _aاللغات الأجنبية تعليمها وتعلمها
264 3 1 _aبيروت:دار القلم ,د.ت
300 _a260ص
336 _atext
_btxt
_2rdacontent
337 _aunmediated
_bn
_2rdamedia
338 _avolume
_bnc
_2rdacarrier
650 4 _aاللغة-اللغات الأجنبية
_915649
999 _aA4467
_c8035
_d8035